Statistics for Fast Typing 1-9

Click here to take the quiz!

General Stats

  • This quiz has been taken 250 times
  • The average score is 9 of 9

Answer Stats

HintAnswer% Correct
11
100%
22
99%
44
98%
55
98%
88
98%
33
97%
66
97%
77
96%
99
96%

Score Distribution

Percentile by Number Answered

Percent of People with Each Score

Your Score History

You have not taken this quiz